000 00909nam a2200205 a 4500
001 001112671
003 AM-YeHGA
005 20250617151810.0
008 151112s1976 ||| r 000 0 rus d
040 _aAM-YeHGA
041 0 _arus
100 1 _aСеряков, А.А.
245 1 0 _aЛекции по физике :
_b(Для специальности - математика) /
_cМ-во просвещения РСФСР. Владимирский гос. пед. ин-т им. П.И. Лебедева-Поляского.
260 _aВладимир :
_bБ. и.,
_c1976.
300 _aЧ.
505 0 _gЧ. 4 (1976, 69 с., ил.)
_tОптика
653 0 _aФизика - Математика - Лекции
710 2 _aВладимирский государственный педагогический институт им. П.И. Лебедева-Полянского
090 _c360040
999 _c358217
_d358217